ბათუმის შოთა რუსთაველის სახელმწიფო უნივერსიტეტის ბიბლიოთეკა

ნატვრის ხე (ბიბ.ჩანაწერი № 50609)

000 -LEADER
fixed length control field 00664nam a2200217Ia 4500
001 - CONTROL NUMBER
control field 17559
003 - CONTROL NUMBER IDENTIFIER
control field GE_BSU
008 - FIXED-LENGTH DATA ELEMENTS--GENERAL INFORMATION
fixed length control field 181216s||||||||xx |||||||||||||| ||und||
040 ## - CATALOGING SOURCE
Transcribing agency GE_BSU
080 ## - UNIVERSAL DECIMAL CLASSIFICATION NUMBER
Universal Decimal Classification number 821.353.1-32
100 ## - MAIN ENTRY--PERSONAL NAME
Personal name ლეონიძე, გიორგი (1899-1966)
245 ## - TITLE STATEMENT
Title ნატვრის ხე
245 ## - TITLE STATEMENT
Remainder of title [მოთხრობები]
245 ## - TITLE STATEMENT
Statement of responsibility, etc. რედ.:ც. ჩხაიძე;მხატვ.:ვ. ორბელაძე
260 ## - PUBLICATION, DISTRIBUTION, ETC.
Place of publication, distribution, etc. თბილისი
260 ## - PUBLICATION, DISTRIBUTION, ETC.
Name of publisher, distributor, etc. ნაკადული
260 ## - PUBLICATION, DISTRIBUTION, ETC.
Date of publication, distribution, etc. 1976
300 ## - PHYSICAL DESCRIPTION
Extent 253გვ. ; 20სმ.
653 ## - INDEX TERM--UNCONTROLLED
Uncontrolled term მოთხრობები
942 ## - ADDED ENTRY ELEMENTS (KOHA)
Koha item type წიგნი
ეგზემპლარები
Withdrawn status Lost status Damaged status Not for loan Date acquired Barcode Date last seen Price effective from Koha item type Public note
        2018-12-17 22343 2018-12-17 2018-12-17 წიგნი აგრარული ტექ.ფაკ.